Del método en el estudio de la naturaleza

Uloženo v:
Podrobná bibliografie
Médium: Kniha
Jazyk:španělština
Vydáno: Santiago Gabinete de Documentación y Publicaciones Técnicas 1951
Edice:Por una Escuela Democrática. Guías Didácticas, 1
Témata:
Tagy: Přidat tag
Žádné tagy, Buďte první, kdo vytvoří štítek k tomuto záznamu!

MARC

LEADER 00000nam a2200000 a 4500
001 UCZ5939
003 CL-VaPUC
008 951130e19510000CL |||||||||||||||||spa|d
082 0 4 |a 372.357  |b DEL  |2 21 
245 1 0 |a Del método en el estudio de la naturaleza 
300 |a 32 p 
942 |c BK 
945 |d 19951130 00:00:00  |a rleighto 
260 |a Santiago  |b Gabinete de Documentación y Publicaciones Técnicas  |c 1951 
650 0 |a Ciencias naturales  |9 260542 
650 0 |a Métodos de enseñanza  |9 270413 
650 0 |a Educación básica   |9 224933 
650 0 |a Escuelas  |9 308582 
583 |a last modification  |c 20170726 04:53:47  |k Rodrigo Vera 
490 0 |a Por una Escuela Democrática. Guías Didácticas, 1 
999 |c 242212  |d 242210 
952 |0 0  |1 0  |4 0  |6 372_357000000000000_DEL_1951  |7 0  |8 P  |9 255003  |a BIBEDU  |b BIBEDU  |c BIBEDU_PB  |d 2019-11-19  |i 3153487  |o 372.357 DEL 1951  |p 3153487  |r 2024-01-25  |w 2019-11-19  |y BK  |k EDU